Normal view
MARC view
- Amara, Luigi,
Entry Nombre Personal
001 - NUMERO DE CONTROL
- campo de control: 30792
003 - IDENTIFICADOR DE NUMERO DE CONTROL
- campo de control: UPN
005 - FECHA Y HORA DE LA ÜLTIMA TRANSACCIÓN
- campo de control: 20210219194417.0
008 - DATOS DE LONGITUD FIJA
- campo de control de longitud fija: nabaccnnaabn|||||||||| b |nc|||||d
035 ## - NUMERO DE CONTROL
- Número de control: UPN11000002898
040 ## - FUENTE DE CATALOGACIÓN
- Lenguaje de catalogación: SPA
- Agencia de transcripción: UPN
053 #4 - NÚMERO DE CLASIFICACIÓN LC
- Número de clasificación elemento-número único o número inicial de tramo: PQ7298.41 M3.7
100 1# - ENCABEZAMIENTO - NOMBRE PERSONAL
- Nombre personal: Amara, Luigi,
- Fechas asociadas con el nombre: 1971-
670 ## - FUENTE EN LA QUE SE LOCALIZARON DATOS
- Cita de la fuente: LC
680 ## - NOTA PUBLICA DE ACCESO PÚBLICO
- Frase explicativa de la referencia: Poeta y escritor mexicano
902 ## - CATALOGADOR
- Catalogador: CAA/100211
